L'art de la voilure / (Record no. 182947)

MARC details
000 -LEADER
campo de control de longitud fija 00834nam a2200205 i 4500
001 - NÚMERO DE CONTROL
campo de control 182947
003 - IDENTIFICADOR DE NÚMERO DE CONTROL
campo de control ES-MaACL
005 - FECHA Y HORA DE LA ÚLTIMA TRANSACCIÓN
campo de control 20250627063702.0
008 - DATOS DE LONGITUD FIJA--INFORMACIÓN GENERAL
campo de control de longitud fija 131217s1781 fr |||| | fre d
100 1# - ENTRADA PRINCIPAL--NOMBRE DE PERSONA
Nombre de persona Romme, Nicolas Charles,
Fechas asociadas al nombre 1745-1805
9 (RLIN) 153975
245 12 - MENCIÓN DEL TÍTULO
Título L'art de la voilure /
Mención de responsabilidad, etc. par M. Romme.
260 ## - PUBLICACIÓN, DISTRIBUCIÓN, ETC.
Lugar de publicación, distribución, etc. [Paris] :
Nombre del editor, distribuidor, etc. De l'Imprimerie de Moutard,
Fecha de publicación, distribución, etc. 1781.
300 ## - DESCRIPCIÓN FÍSICA
Extensión 68 p., 9 lám. ;
Dimensiones 46 cm.
530 ## - NOTA DISPONIBLE DE FORMULARIO FÍSICO ADICIONAL
Nota de formato físico adicional disponible Disponible en formato digital.
594 ## - Nota al título y mención de responsabilidad
Nota al título y mención de responsabilidad Pertenece a: "Descriptions des arts et mètiers faites ou approuvées par ... l'Académie Royale des Sciences". Paris: chez Desaint & Saillant, 1761-1789 (Brunet, 10217)
650 #4 - PUNTO DE ACCESO ADICIONAL DE MATERIA--TÉRMINO DE MATERIA
Término de materia o nombre geográfico como elemento de entrada Navegación.
9 (RLIN) 136583
852 4# - LOCALIZACIÓN
Ubicación ES-MaACL
Número de control de estantería R-2051. Olim: C-10820.
856 4# - LOCALIZACIÓN Y ACCESO ELECTRÓNICOS
Identificador Uniforme de Recursos <a href="http://catalogue.bnf.fr/ark:/12148/cb31241397z ">http://catalogue.bnf.fr/ark:/12148/cb31241397z </a>
Nota pública BNF-Gallica
Holdings
Estatus retirado Estado de pérdida Estado de daño No para préstamo Colección Biblioteca de origen Biblioteca actual Ubicación en estantería Fecha de adquisición Fuente de adquisición Total de préstamos Signatura topográfica completa Código de barras Visto por última vez Precio de reemplazo Tipo de ítem Koha
        Colección digital Biblioteca del Ateneo de Madrid Biblioteca del Ateneo de Madrid Depósito 17/12/2013     R-2051 1192277 23/02/2023 23/02/2023 Libro impreso antiguo